000 00762nam a2200217Ii 4500
003 JO-AjNU
008 230605s9999||||xx |||||||||||||| ||und||
040 _aJO-AjNU
_bara
_erda
_cJO-AjNU
041 _aara
050 1 4 _aP121.T33.77
100 3 _aتاليف طحان، ريمون، م.مشارك طحان ، دنيز بيطار ,
_eauthor
_938609
245 0 0 _aفنون التعقيد وعلوم الالسنة
250 _aط1
264 3 1 _aبيروت:دار الكتاب اللبناني,1983
300 _a336ص
336 _atext
_btxt
_2rdacontent
337 _aunmediated
_bn
_2rdamedia
338 _avolume
_bnc
_2rdacarrier
490 0 _aسلسلة الكتب المدرسيه
650 4 _aفنون التعقيد-علوم الألسنة
_938610
999 _aA16235
_c19803
_d19803